| 000 | 00496nam a22001817a 4500 | ||
|---|---|---|---|
| 008 | 140629b xxu||||| |||| 00| 0 eng d | ||
| 020 | _a9-7818-5328-8180 | ||
| 082 |
_222 ed. _a346.066 _bGRI |
||
| 100 | _aGriffin, Stephen | ||
| 245 |
_aCompany law hand book / _cStephen Griffin |
||
| 250 | _a2 ed. | ||
| 260 |
_aN.Y : _bThe law society _c2010 |
||
| 300 |
_axli, 326 P. : _c22 cm. |
||
| 500 | _aIncludes Index | ||
| 650 | _aCompany law | ||
| 650 | _aCompany law hand book | ||
| 942 |
_2ddc _cBK |
||
| 999 |
_c5882 _d5882 |
||